Central Library OPAC University of Rajshahi

আদিবাসী লোকজীবন / (Record no. 76266)

MARC details
000 -LEADER
fixed length control field 00979nam a22002537a 4500
001 - CONTROL NUMBER
control field 76266
003 - CONTROL NUMBER IDENTIFIER
rucl marc code BD-RjUL
005 - DATE AND TIME OF LATEST TRANSACTION
control field 20211209082822.0
008 - FIXED-LENGTH DATA ELEMENTS--GENERAL INFORMATION
fixed length control field 191118s2012 bg ||||| b||| 001 0 ben d
020 ## - INTERNATIONAL STANDARD BOOK NUMBER
International Standard Book Number 9789844105775
035 ## - SYSTEM CONTROL NUMBER
System control number (BD-RjUL)76487
040 ## - CATALOGING SOURCE
Original cataloging agency BD-RjUL
Language of cataloging eng
Transcribing agency BD-RjUL
041 ## - LANGUAGE CODE
Language code of text/sound track or separate title eng
082 ## - DEWEY DECIMAL CLASSIFICATION NUMBER
Edition number 23
Classification number 307.772095492
Author mark and year TAA 2012
100 ## - MAIN ENTRY--PERSONAL NAME
Personal name তরু, মাযহারুল ইসলাম
9 (RLIN) 235063
245 ## - TITLE STATEMENT
Title আদিবাসী লোকজীবন /
Statement of responsibility, etc. মাযহারুল ইসলাম তরু
260 ## - PUBLICATION, DISTRIBUTION, ETC. (IMPRINT)
Place of publication, distribution, etc. ঢাকা :
Name of publisher, distributor, etc. মাওলা ব্রাদার্স,
Date of publication, distribution, etc. ২০১২
300 ## - PHYSICAL DESCRIPTION
Pagination ১৮০ পৃ. ;
Size ২২ সেমি.
504 ## - BIBLIOGRAPHY, ETC. NOTE
Bibliography, etc বিবলিওগ্রাফি ও ইনডেক্স সম্বলিত।
650 ## - SUBJECT ADDED ENTRY--TOPICAL TERM
Topical term or geographic name as entry element Tribal culture
Geographic subdivision Bangladesh
9 (RLIN) 235035
Topical term or geographic name as entry element Tribes
General subdivision Social life and customs
9 (RLIN) 235064
700 ## - ADDED ENTRY--PERSONAL NAME
Personal name মজিদ, মুস্তাফা
942 ## - ADDED ENTRY ELEMENTS (KOHA)
Source of classification or shelving scheme Dewey Decimal Classification
Koha item type Books
Holdings
Lost status Source of classification or shelving scheme Damaged status Not for loan Permanent Location Current Location Shelving location Date acquired Source of acquisition Cost, normal purchase price Total Checkouts Full call number Date last seen Copy number Koha item type Date checked out
  Dewey Decimal Classification   Not For Loan Central Library, University of Rajshahi Central Library, University of Rajshahi Reading Room 12/11/2019 Vidyasagar, Rajshahi 250.00   B 307.772095492 TAA 2012 18/11/2019 C-1 Books  
  Dewey Decimal Classification     Central Library, University of Rajshahi Central Library, University of Rajshahi   12/11/2019 Vidyasagar, Rajshahi 250.00 11 B 307.772095492 TAA 2012 21/10/2025 C-2 Books 06/10/2025